000 00318nam a22001457a 4500
008 230703b ||||| |||| 00| 0 eng d
020 _a9780321978608
041 _aeng
080 _2TENTH EDITION
_a51
082 _a51SUL
100 _a23
101 _aMATE
245 _aTRIGONOMETRY
_cSULLIVAN
942 _2udc
_cBK
999 _c60070
_d60070